Mấy vấn đề về triết học văn hoá /

Wedi'i Gadw mewn:
Manylion Llyfryddiaeth
Prif Awdur: Thái Thị Thu Hương
Fformat: Erthygl
Iaith:Vietnamese
Pynciau:
Tagiau: Ychwanegu Tag
Dim Tagiau, Byddwch y cyntaf i dagio'r cofnod hwn!
Thư viện lưu trữ: Thư viện Trường Đại học Đà Lạt
LEADER 00755nam a2200277 4500
001 DLU040027351
040 # # |a DLU  |b vie 
041 # # |a vie 
044 # # |a vn 
100 # # |a Thái Thị Thu Hương 
245 # # |a Mấy vấn đề về triết học văn hoá /  |c Thái Thị Thu Hương 
653 # # |a Triết học 
653 # # |a Văn hoá 
773 # # |a Tạp chí Khoa học Xã hội  |g Số 2(48) - 2001, tr. 28 - 31 
920 # # |a Phòng Tạp chí -- Trung tâm Thông tin - Thư viện Trường Đại học Đà Lạt 
933 # # |a ML 
933 # # |a VN 
933 # # |a XH 
994 # # |a DLU 
900 # # |a True 
911 # # |a Nguyễn Năng Hải 
925 # # |a G 
926 # # |a A 
927 # # |a BB 
980 # # |a Thư viện Trường Đại học Đà Lạt